000 00544nam a2200169 i 4500
001 36662
003 ES-MaACL
005 20230906155420.0
007 t|
008 030218s1948 cl ||||1| spa d
100 1 _aBuck, Pearl S. (
_d1892-1973)
_932316
245 1 0 _aConversaciones sobre Alemania con Erna von Pustau /
_cPearl S. Buck ; traducción de Hernán del Solar.
260 _a[Santiango de Chile] :
_bZig-Zag,
_c[1948]
300 _a391 p. ;
_c18 cm.
700 1 _aSolar, Hernán del.
_9107097
852 _aES-MaACL
_jB-12932
_bR.29401
999 _c36662
_d36662